Normal view
MARC view
- Figlie di San Paolo
Entry Personal Name
001 - CONTROL NUMBER
- control field: 17433
003 - CONTROL NUMBER IDENTIFIER
- control field: IT-RoPau
005 - DATE AND TIME OF LATEST TRANSACTION
- control field: 20140326155813.0
008 - FIXED-LENGTH DATA ELEMENTS
- fixed length control field: 140326|| aca||aabn | a|a d
040 ## - CATALOGING SOURCE
- Original cataloging agency: IT-RoPau
- Transcribing agency: IT-RoPau
100 ## - HEADING--PERSONAL NAME
- Personal name: Figlie di San Paolo
670 ## - SOURCE DATA FOUND
- Source citation: Work cat.: (IT-RoPau)9395: Figlie di San Paolo, Prendiamo il largo insieme, 2002